<?xml version="1.0" encoding="UTF-8"?><?xml-stylesheet type="text/xsl" href="static/style.xsl"?><OAI-PMH xmlns="http://www.openarchives.org/OAI/2.0/" xmlns:xsi="http://www.w3.org/2001/XMLSchema-instance" xsi:schemaLocation="http://www.openarchives.org/OAI/2.0/ http://www.openarchives.org/OAI/2.0/OAI-PMH.xsd"><responseDate>2026-06-03T23:45:16Z</responseDate><request verb="GetRecord" identifier="oai:riubu.ubu.es:10259/11780" metadataPrefix="marc">https://riubu.ubu.es/oai/request</request><GetRecord><record><header><identifier>oai:riubu.ubu.es:10259/11780</identifier><datestamp>2026-06-03T00:05:19Z</datestamp><setSpec>com_10259_4839</setSpec><setSpec>com_10259_5086</setSpec><setSpec>com_10259_2604</setSpec><setSpec>col_10259_4840</setSpec></header><metadata><record xmlns="http://www.loc.gov/MARC21/slim" xmlns:doc="http://www.lyncode.com/xoai" xmlns:xsi="http://www.w3.org/2001/XMLSchema-instance" xmlns:dcterms="http://purl.org/dc/terms/" xsi:schemaLocation="http://www.loc.gov/MARC21/slim http://www.loc.gov/standards/marcxml/schema/MARC21slim.xsd">
<leader>00925njm 22002777a 4500</leader>
<datafield tag="042" ind1=" " ind2=" ">
<subfield code="a">dc</subfield>
</datafield>
<datafield tag="720" ind1=" " ind2=" ">
<subfield code="a">Puente Torre, Paula</subfield>
<subfield code="e">author</subfield>
</datafield>
<datafield tag="720" ind1=" " ind2=" ">
<subfield code="a">Delgado Benito, Vanesa</subfield>
<subfield code="e">author</subfield>
</datafield>
<datafield tag="720" ind1=" " ind2=" ">
<subfield code="a">Rodríguez Cano, Sonia</subfield>
<subfield code="e">author</subfield>
</datafield>
<datafield tag="720" ind1=" " ind2=" ">
<subfield code="a">García Delgado, Miguel Ángel</subfield>
<subfield code="e">author</subfield>
</datafield>
<datafield tag="260" ind1=" " ind2=" ">
<subfield code="c">2025-04</subfield>
</datafield>
<datafield tag="520" ind1=" " ind2=" ">
<subfield code="a">El objetivo de este estudio es analizar la situación actual en una población universitaria respecto a la práctica&#xd;
y conocimientos acerca de la atención plena (mindfulness) y su relación con la reducción de los niveles de&#xd;
ansiedad. La práctica de la atención plena es una estrategia prometedora para reducir los niveles de ansiedad.&#xd;
Para evaluar el conocimiento y la práctica del mindfulness en la población universitaria, se utiliza el&#xd;
cuestionario Five Facets of Mindfulness Questionnaire (FFMQ) en una muestra de 450 estudiantes de la&#xd;
Universidad de Burgos (España), seleccionados mediante un muestreo no probabilístico. Los resultados&#xd;
muestran que los estudiantes obtienen puntuaciones intermedias-altas en las categorías de observación,&#xd;
descripción, actuar con conciencia, ausencia de juicio y ausencia de reactividad, componentes clave de la&#xd;
atención plena. En conclusión, la implementación de técnicas de la atención plena brinda grandes beneficios&#xd;
para los estudiantes, por ello es indicado para la población estudiantil de la Universidad de Burgos</subfield>
</datafield>
<datafield tag="520" ind1=" " ind2=" ">
<subfield code="a">The aim of this study is to assess the current status among a university population regarding the practice and knowledge of mindfulness and its relationship with the reduction of anxiety levels. Mindfulness practice emerges as a promising strategy to reduce anxiety levels. To assess the knowledge and practice of mindfulness among the university population, the Five Facets of Mindfulness Questionnaire (FFMQ) is applied to a sample of 450 students from the University of Burgos (Spain), selected through non-probabilistic sampling. The results show that students obtain intermediate-high scores in the categories of observation, description, acting with awareness, absence of judgment, and absence of reactivity, all key components of mindfulness. In conclusion, implementing mindfulness techniques brings great benefits to students, making it suitable for the student population at the University of Burgos</subfield>
</datafield>
<datafield tag="024" ind2=" " ind1="8">
<subfield code="a">https://hdl.handle.net/10259/11780</subfield>
</datafield>
<datafield tag="024" ind2=" " ind1="8">
<subfield code="a">10.4067/S0718-50062025000200151</subfield>
</datafield>
<datafield tag="024" ind2=" " ind1="8">
<subfield code="a">0718-5006</subfield>
</datafield>
<datafield ind1=" " ind2=" " tag="653">
<subfield code="a">Reducción de niveles de ansiedad</subfield>
</datafield>
<datafield ind1=" " ind2=" " tag="653">
<subfield code="a">Práctica de mindfulness</subfield>
</datafield>
<datafield ind1=" " ind2=" " tag="653">
<subfield code="a">Atención plena</subfield>
</datafield>
<datafield ind1=" " ind2=" " tag="653">
<subfield code="a">Conciencia en estudiantes universitarios</subfield>
</datafield>
<datafield ind1=" " ind2=" " tag="653">
<subfield code="a">Reducing anxiety levels</subfield>
</datafield>
<datafield ind1=" " ind2=" " tag="653">
<subfield code="a">Mindfulness practice</subfield>
</datafield>
<datafield ind1=" " ind2=" " tag="653">
<subfield code="a">Full attention</subfield>
</datafield>
<datafield ind1=" " ind2=" " tag="653">
<subfield code="a">University student awareness</subfield>
</datafield>
<datafield tag="245" ind1="0" ind2="0">
<subfield code="a">Explorando la práctica de atención plena (mindfulness) en estudiantes universitarios: evidencias y perspectivas</subfield>
</datafield>
</record></metadata></record></GetRecord></OAI-PMH>